Fertilizantes : química y acción /

Contiene: 1) El suelo y la nutrición vegetal; 2) Fertilizantes. Conceptos tipos y propiedades; 3) Fertilizantes nitrogenados; 4) Fertilizantes fosforados; 5) Fertilizantes potásicos; 6) Fertilizantes con elementos secundarios; 7) Fertilizantes micronutrientes; 8) Residuos orgánicos y de utilización...

Deskribapen osoa

Gorde:
Xehetasun bibliografikoak
Egile nagusia: Navarro García, Ginés (autor)
Beste egile batzuk: Navarro García, Simón (autor) (autor)
Formatua: Liburua
Hizkuntza:gaztelania
Argitaratua: Madrid, España : Mundi-Prensa, 2023, c2023
Edizioa:2a edición
Gaiak:
Etiketak: Etiketa erantsi
Etiketarik gabe, Izan zaitez lehena erregistro honi etiketa jartzen!

MARC

LEADER 00000nam^a2200000^a^4500
001 000624885
005 20251124000000.0
009 20260310134005.114
020 |a 978-84-8476-763-3 
037 |a Acervo ITESO - Biblioteca 
041 |a ESP 
082 |a 631. 8  |b NAV 
100 |a Navarro García, Ginés  |e (autor) 
245 1 0 |a Fertilizantes :  |b química y acción /  |c G. Navarro García, S. Navarro García. 
250 |a 2a edición  |b revisada y aumentada 
264 4 |a Madrid, España :  |b Mundi-Prensa,  |c 2023, c2023 
300 |a X, 273 p. 
336 |a texto  |b txt  |2 rdacontenido 
337 |a sin mediación  |b n  |2 rdamedio 
338 |a volumen  |b nc  |2 rdasoporte 
520 |a Contiene: 1) El suelo y la nutrición vegetal; 2) Fertilizantes. Conceptos tipos y propiedades; 3) Fertilizantes nitrogenados; 4) Fertilizantes fosforados; 5) Fertilizantes potásicos; 6) Fertilizantes con elementos secundarios; 7) Fertilizantes micronutrientes; 8) Residuos orgánicos y de utilización agrícola; 9) Enmiendas del suelo. 
521 |a Librerías 2025 Gonvill 
649 |a XX 
650 |a Suelos 
650 |a Cultivos 
650 |a Abonos de Potasio 
650 |a Abonos Nitrogenados 
650 |a Fertilizantes Fosfáticos 
650 |a Abonos Inorgánicos 
650 |a Abono Orgánico 
650 |a Fertilizantes y Abonos -  |x Tema Principal 
650 |a Productos Químicos Agrícolas 
650 |a Química Agrícola 
650 |a Agricultura 
700 |a Navarro García, Simón  |e (autor) 
910 |a Fondo General 
920 |a Impresos - Libros 
930 |a Colección General 
905 |a 101 
901 |a 624900-10  |b IT1  |c ACC  |i C191055  |u 20251124 
902 |a https://opac.biblio.iteso.mx/vufind/Record/000624885